Culture and society in Nigeria : traditions, gender relations and political economy

Saved in:
Bibliografiske detaljer
Format: Bog
Sprog:engelsk
Udgivet: Concept Publications 2018
Tags: Tilføj Tag
Ingen Tags, Vær først til at tagge denne postø!

MARC

LEADER 00000nam a22000007a 4500
008 240328b |||||||| |||| 00| 0 eng d
020 |a 9789784831055 
245 |a Culture and society in Nigeria  |b : traditions, gender relations and political economy  |c Akin Alao  |g Xii,412p 
250 |c ALAO, Akin. BABAWALE, Tunde 
260 |b Concept Publications  |c 2018  |h Lagos  |i 702937  |l DT515.4  |m Nigeria- civilization- Congresses  |m Nigeria- Social conditions- Congresses 
500 |a It includes index and references 
942 |a lcc  |c BK  |e Adeyemo O.O.  |f 28/03/2024 
952 |0 0  |1 0  |2 lcc  |4 0  |6 DT05154 C89  |7 0  |9 5021  |a HOL  |b HOL  |c AF  |d 2024-03-28  |l 0  |o DT515.4C89  |p 2024-0272  |r 2024-03-28 00:00:00  |t 702937  |w 2024-03-28  |y BK 
999 |c 2492  |d 2492